Statistics for Towns and Cities in England - A

Click here to take the quiz!

General Stats

  • This quiz has been taken 65 times
  • The average score is 9 of 39

Answer Stats

AnswerCounty% Correct
AylesburyBuckinghamshire
71%
AccringtonLancashire
64%
AlnwickNorthumberland
55%
AndoverHampshire
52%
AldershotHampshire
50%
AshfordKent
48%
AltrinchamGreater Manchester
46%
AmershamBuckinghamshire
41%
AltonHampshire
38%
AxminsterDevon
38%
Ashton-under-LyneGreater Manchester
34%
AshingtonNorthumberland
30%
AmbleNorthumberland
29%
Ashby-de-la-ZouchLeicestershire
29%
ArundelWest Sussex
27%
Abingdon-on-ThamesOxfordshire
23%
ActonGreater London
23%
AlfretonDerbyshire
20%
AmblesideCumbria
20%
AmesburyWiltshire
18%
AldeburghSuffolk
16%
AlfordLincolnshire
14%
AmpthillBedfordshire
13%
AtherstoneWarwickshire
13%
AttleboroughNorfolk
13%
AshbourneDerbyshire
11%
AshburtonDevon
9%
AspatriaCumbria
9%
AdlingtonLancashire
7%
AlcesterWarwickshire
7%
AxbridgeSomerset
7%
AylshamNorfolk
7%
AcleNorfolk
5%
AlsagerCheshire
5%
AlstonCumbria
4%
ArleseyBedfordshire
4%
Appleby-in-WestmorlandCumbria
2%
AskernSouth Yorkshire
2%
Ashby WouldsLeicestershire
0%

Score Distribution

Percentile by Number Answered

Percent of People with Each Score

Your Score History

You have not taken this quiz